| 000 | 01619nam a22002297a 4500 | ||
|---|---|---|---|
| 005 | 20260129095919.0 | ||
| 008 | 230623b ||||| |||| 00| 0 eng d | ||
| 020 | _a9780753823293 | ||
| 040 | _cAL | ||
| 041 | _aeng | ||
| 082 |
_223 _a833.914 _bSCHR |
||
| 100 |
_aBernhard Schlink _9253054 |
||
| 245 | _aReader | ||
| 260 |
_aLondon _bPhoenix |
||
| 300 |
_avi,216p. _bPB _c19x13cm. |
||
| 365 |
_2English _b7.99 _c£ _d7.99 |
||
| 520 | _aAn exceptionally powerful novel exploring the themes of betrayal, guilt and memory against the background of the Holocaust. An international bestseller.For 15-year-old Michael Berg, a chance meeting with an older woman leads to far more than he ever imagined. The woman in question is Hanna, and before long they embark on a passionate, clandestine love affair which leaves Michael both euphoric and confused. For Hanna is not all she seems. Years later, as a law student observing a trial in Germany, Michael is shocked to realize that the person in the dock is Hanna. The woman he had loved is a criminal. Much about her behaviour during the trial does not make sense. But then suddenly, and terribly, it does - Hanna is not only obliged to answer for a horrible crime, she is also desperately concealing an even deeper secret.'A tender, horrifying novel that shows blazingly well how the Holocaust should be dealt with in fiction. A thriller, a love story and a deeply moving examination of a German conscience' INDEPENDENT | ||
| 650 |
_aGerman Fiction in English _9124673 |
||
| 650 |
_aEnglish Novel _9124674 |
||
| 700 |
_aJaneway Carol Brown Tr _9124676 |
||
| 942 |
_2ddc _cDB |
||
| 999 |
_c227628 _d227628 |
||